|
|
|
|
| LEADER |
01137nam a2200289 a 4500 |
| 001 |
12482007 |
| 008 |
110824r20011994enka b 001 0 eng |
| 010 |
|
|
|a 2001270029
|
| 040 |
|
|
|a UKM
|c UKM
|d DLC
|d BD-DhAAL
|
| 042 |
|
|
|a lccopycat
|
| 020 |
|
|
|a 0192854585
|
| 082 |
0 |
0 |
|a 150.19/54/092
|2 21
|
| 100 |
1 |
|
|a Stevens, Anthony.
|
| 245 |
1 |
0 |
|a Jung :
|b a very short introduction /
|c Anthony Stevens.
|
| 260 |
|
|
|a Oxford ;
|a New York :
|b Oxford University Press,
|c 2001.
|
| 300 |
|
|
|a 175 p. :
|b ill. ;
|c 18 cm.
|
| 490 |
0 |
|
|a Very short introductions
|
| 500 |
|
|
|a Originally published: Oxford ; New York : Oxford Univrersity Press, 1994, in series : Past masters.
|
| 504 |
|
|
|a Includes bibliographical references and index.
|
| 541 |
|
|
|e 00013973
|
| 650 |
|
0 |
|a Jungian psychology.
|
| 650 |
|
0 |
|a Psychoanalysis.
|
| 600 |
1 |
0 |
|a Jung, C. G.
|q (Carl Gustav),
|d 1875-1961.
|
| 852 |
1 |
|
|a Ayesha Abed Library
|c General Shelf.
|
| 942 |
0 |
0 |
|0 1
|
| 999 |
|
|
|c 11227
|d 11227
|
| 952 |
|
|
|0 0
|1 4
|2 ddc
|4 0
|6 150_195409200000000_STE
|7 0
|9 17946
|a BRACUL
|b BRACUL
|c GEN
|d 2011-09-06
|l 7
|m 59
|o 150.1954092 STE
|p 3010013973
|r 2016-09-27
|s 2016-06-11
|t 1
|w 2011-09-06
|y BK
|x Koha Inventory 2020
|